| 000 | 00929nam a22002657i 4500 | ||
|---|---|---|---|
| 003 | DO-SdBNP | ||
| 005 | 20240411145154.0 | ||
| 007 | ta | ||
| 008 | 240411b2023 dr a|||| |||| 00| p spa d | ||
| 020 | _a9789945637182 | ||
| 040 |
_aDO-SdBNP _bspa _cBNPHU _erda |
||
| 082 | 4 | _222 | |
| 100 |
_aFuster Lavín, Ana María, _d1967- _9248 _eautor |
||
| 245 | 1 | 0 |
_aCicatrices de la memoria / _cAna María Fuster Lavín ; prólogo Carlos Vázquez Cruz. |
| 264 |
_aSan Juan, Puerto Rico : _bEditorial Isla Negra, _c2023. |
||
| 300 |
_a108 púginas : _bilustraciones ; _c22 cm. |
||
| 336 |
_2rdacontent _atexto _btxt |
||
| 337 |
_2rdamedia _asin mediación _bn |
||
| 338 |
_2rdacarrier _avolumen _bnc |
||
| 490 | 0 | _aColección Filo de fuego | |
| 500 | _aIncluye datos biográficos de la autora en la solapa de la cubierta. | ||
| 590 | _aInventariado, 2024 /LP | ||
| 700 | 1 |
_aVázquez Cruz,Carlos, _eprólogo _985195 |
|
| 942 |
_2ddc _cLBS1 |
||
| 999 |
_c56349 _d56349 |
||